|
|
|
|
| LEADER |
00983nam a2200325 4500 |
| 001 |
DLU090092365 |
| 005 |
##20091201 |
| 040 |
# |
# |
|a DLU
|b eng
|
| 041 |
# |
# |
|a eng
|
| 044 |
# |
# |
|a us
|
| 245 |
# |
# |
|a Homologous npdGI genes in 2,4-dinitrophenol- and 4-nitrophenol-degrading rhodococcus spp. /
|c Gesche Heiss ... [et al.].
|
| 653 |
# |
# |
|a Catabolism
|
| 653 |
# |
# |
|a Enzyme
|
| 653 |
# |
# |
|a Nitrogen
|
| 653 |
# |
# |
|a Rhodococcus erythropolis
|
| 700 |
# |
# |
|a Abe, Yoshikatsu.
|
| 700 |
# |
# |
|a Heiss, Gesche.
|
| 700 |
# |
# |
|a Knackmuss, Hans-Joachim.
|
| 700 |
# |
# |
|a Takeo, Masahiro.
|
| 700 |
# |
# |
|a Trachtmann, Natalie.
|
| 773 |
# |
# |
|t Applied and Environmental Microbiology
|g Vol. 69, no. 5 (May 2003), p. 2748-2754
|
| 920 |
# |
# |
|a Phòng Tạp chí -- Trung tâm Thông tin - Thư viện Trường Đại học Đà Lạt
|
| 994 |
# |
# |
|a DLU
|
| 900 |
# |
# |
|a True
|
| 911 |
# |
# |
|a Trương Bảo Trâm Anh
|
| 925 |
# |
# |
|a G
|
| 926 |
# |
# |
|a A
|
| 927 |
# |
# |
|a BB
|
| 980 |
# |
# |
|a Thư viện Trường Đại học Đà Lạt
|